000 00815nam a2200229 4500
003 CBULib
005 20250423091329.0
008 250325b |||||||| |||| 00| 0 eng d
040 _aCBULib
_bEnglish
_cCBULib
_erda
041 _aeng
050 _aCBU-LIB(058)AR/2007
110 _94465
_aCopperbelt University Library(CBU-LIB)
245 _aCopperbelt University the library annual report : 2007
_c/ by The Copperbelt University Library(CBU-LIB)
260 _aKitwe :
_bCopperbelt University,
_c2007
300 _a21 pages : illustrations
336 _2rdacontent
_aText |
_btxt
337 _2rdamedia
_aUnmediated |
_bn
338 _2rdacarrier
_aVolume
_bnc
650 0 _94466
_aANNUAL REPORTS (COPPERBELT UNIVERSITY)--ZAMBIA
650 0 _aCOPPERBELT UNIVERSITY. LIBRARY--PERIODICALS
_94463
942 _2mc
_c030
999 _c86100
_d86100